000 00303nam a22001337a 4500
008 181017b xxu||||| |||| 00| 0 eng d
020 _a9780131114470
041 _aeng
080 _26th
_a159.9
100 _a48
101 _aPSI
245 _aA History of Psychology
_cLeeahey,Th.H
942 _2udc
_cBK
999 _c50082
_d50082